Cultural barriers in inter cultural communication between Vietnamese people and native speakers of English Danang Vietnam /

Wedi'i Gadw mewn:
Manylion Llyfryddiaeth
Prif Awdur: Bùi Hồng Ngọc
Fformat: Anhysbys
Iaith:English
Cyhoeddwyd: 2009.
Pynciau:
Tagiau: Ychwanegu Tag
Dim Tagiau, Byddwch y cyntaf i dagio'r cofnod hwn!
Thư viện lưu trữ: Mạng thư viện Đại học Đà Nẵng
LEADER 01248na a2200325 4500
001 000031212
003 5811
005 20230302155659.0
008 151001s2009 000 eng
040 |a LNN 
041 |a eng 
082 |a 420.3  |b BU-N 
100 |a Bùi Hồng Ngọc 
245 0 |a Cultural barriers in inter cultural communication between Vietnamese people and native speakers of English Danang Vietnam /  |c Bùi Hồng Ngọc. 
260 |c 2009. 
300 |a 50tr. : mh ; 30cm. 
650 |a Cultural barriers in inter cultural communication between Vietnamese people and native speakers of English Danang Vietnam, 2009, Bùi Hồng Ngọc 
852 |c Luận văn sinh viên 
OWN |a LNN 
AVA |a UDN50  |b LNN  |c English  |d 420.3 BU-N  |e available  |t Error 5001 Not defined in file expand_doc_bib_avail.  |f 1  |g 0  |h N  |i 0  |j AN  |k 1 
999 |a From the UDN01 
AVA |a UDN50  |b LNN  |c English  |d 420.3 BU-N  |e available  |t Error 5001 Not defined in file expand_doc_bib_avail.  |f 1  |g 0  |h N  |i 0  |j AN  |k 1 
TYP |a Printed language 
980 |a Mạng thư viện Đại học Đà Nẵng